Manejo de ganadería sostenible en trópico alto : (Registro nro. 18811)

Detalles MARC
000 -CABECERA
Campo de control 00901nam a2200241 4500
005 - FECHA Y HORA DE LA ULTIMA TRANSACCION
Campo de control 20180803170310.0
008 - ELEMENTOS DE LONGITUD FIJA—INFORMACION GENERAL
Campo de control 160622t2012 ck ao|||r|||| 00| 0 spa d
020 ## - ISBN
ISBN 9789588753010
040 ## - FUENTE DE CATALOGACIÓN
Agencia catalogadora original CO-BoIAVH
Agencia transcriptora CO-BoIAVH
041 0# - IDIOMA
Código de idioma para texto/pista de sonido o título separado Español
044 ## - PAÍS DE PUBLICACIÓN
País de publicación Colombia
082 04 - NUMERO DE CLASIFICACION DECIMAL DEWEY
Número de clasificación 636.2083
Número del ítem M27g
245 00 - MENCION DE TITULO
Título Manejo de ganadería sostenible en trópico alto :
Parte restante del título una alternativa para mejorar la sosteniblidad y competitividad de la ganadería /
Mención de responsabilidad editado por Roberto León Gómez
260 ## - PUBLICACION, DISTRIBUCION, ETC. (PIE DE IMPRENTA)
Lugar de publicación, distribución, etc. Bogotá, Colombia :
Nombre del editor, distribuidor, etc. Fundación Natura,
Fecha de publicación, distribución, etc. 2012.
300 ## - DESCRIPCION FISICA
Extensión 91 páginas :
Otros detalles físicos ilustraciones a color y fotografías a color ;
Dimensiones 24 x 17 cm.
504 ## - NOTA DE BIBLIOGRAFIA, ETC.
Nota de bibliografía Incluye referencias bibliográficas.
650 16 - ASIENTO SECUNDARIO DE MATERIA - TERMINO TEMATICO
Término temático o nombre geográfico como elemento de entrada Sistemas silvopascícolas
9 (RLIN) 71927
650 26 - ASIENTO SECUNDARIO DE MATERIA - TERMINO TEMATICO
Término temático o nombre geográfico como elemento de entrada Cerca viva
9 (RLIN) 5012
650 26 - ASIENTO SECUNDARIO DE MATERIA - TERMINO TEMATICO
Término temático o nombre geográfico como elemento de entrada Forrajes
9 (RLIN) 71928
650 26 - ASIENTO SECUNDARIO DE MATERIA - TERMINO TEMATICO
Término temático o nombre geográfico como elemento de entrada Ganadería
9 (RLIN) 92436
700 1# - ASIENTO SECUNDARIO - NOMBRE PERSONAL
Nombre personal León Gómez, Roberto
Término de relación editor
9 (RLIN) 71930
942 ## - ELEMENTOS ADICIONALES (KOHA)
Sistema de clasificación Dewey Decimal Classification
Tipo de ítem Libro
Existencias
Withdrawn status Lost status Sistema de Clasificación Damaged status No para préstamo Colección Inventariado Ubicación Permanente Ubicación actual Fecha de adquisición Fuente de Valor Valor Total Checkouts Número topográfico Inventario / Código de Barras Date last seen Ejemplar Price effective from Forma de adquisición Tipo de material
    Dewey Decimal Classification     General Inventariado 2017 Bogotá Bogotá 22/06/2016 Instituto 39000.00   LB-636.2083 M27g 034206 22/06/2016 Ej. 1 22/06/2016 Donación Libro